The kite runner (Record no. 565741)

000 -LEADER
fixed length control field 00529nam a2200145Ia 4500
008 - FIXED-LENGTH DATA ELEMENTS--GENERAL INFORMATION
fixed length control field 210430s9999 xx 000 0 und d
020 ## - INTERNATIONAL STANDARD BOOK NUMBER
International Standard Book Number 9781594632204
082 ## - DEWEY DECIMAL CLASSIFICATION NUMBER
Classification number 813.6 H825T
100 ## - MAIN ENTRY--PERSONAL NAME
Personal name Hosseini, Khaled.
9 (RLIN) 3702
245 #4 - TITLE STATEMENT
Title The kite runner
Statement of responsibility, etc. Hosseini, Khaled.
260 ## - PUBLICATION, DISTRIBUTION, ETC.
Place of publication, distribution, etc. New York :
Name of publisher, distributor, etc. Simon & Schuster Audio,
Date of publication, distribution, etc. 2003
300 ## - PHYSICAL DESCRIPTION
Extent 8 sound cassettes (ca. 12 hrs.) :
856 ## - ELECTRONIC LOCATION AND ACCESS
Uniform Resource Identifier <a href="http://www.loc.gov/catdir/bios/simon053/2004567972.html | http://www.loc.gov/catdir/description/simon052/2004567972.html">http://www.loc.gov/catdir/bios/simon053/2004567972.html | http://www.loc.gov/catdir/description/simon052/2004567972.html</a>
942 ## - ADDED ENTRY ELEMENTS (KOHA)
Koha item type Reference
Source of classification or shelving scheme
Holdings
Withdrawn status Lost status Source of classification or shelving scheme Damaged status Not for loan Permanent Location Current Location Shelving location Date acquired Total Checkouts Total Renewals Full call number Barcode Date last seen Date last checked out Price effective from Koha item type
          School of Chemical & Materials Engineering (SCME) School of Chemical & Materials Engineering (SCME) Reference   5 5 813.6 H825T SCME-4690 11/14/2025 07/17/2025 04/30/2021 Book
© 2023 Central Library, National University of Sciences and Technology. All Rights Reserved.